| 000 | 00503nam a22001817a 4500 | ||
|---|---|---|---|
| 005 | 20240707121115.0 | ||
| 008 | 240707b |||||||| |||| 00| 0 eng d | ||
| 020 | _a9788131714768 | ||
| 082 |
_a005.82 _bLAW-I |
||
| 100 | _aTrappe, Wade | ||
| 245 |
_aIntroduction to Cryptography with Coding Theory / _cLawrance C.Washington |
||
| 250 | _a2nd ed. | ||
| 260 |
_aindia: _bPearson; _c2019. |
||
| 300 |
_axxi, 571 p. : _bill; _c23 cm. |
||
| 500 | _ainclude index. | ||
| 650 | _aNetworking | ||
| 999 |
_c36068 _d36068 |
||